| 000 | 00657nam a2200253Ia 4500 | ||
|---|---|---|---|
| 003 | OSt | ||
| 005 | 20220924122938.0 | ||
| 006 | a|||||r|||| 00| 0 | ||
| 007 | ta | ||
| 008 | 220923b |||||||| |||| 00| 0 urd d | ||
| 020 | _c150.00 | ||
| 024 | _a316215 | ||
| 037 | _cTextual | ||
| 040 |
_aARTS _cARTS _burd |
||
| 041 |
_2urd _aurd |
||
| 082 | _aO168,1N521x, P0 | ||
| 100 | _aYawar Yaqoob Au. | ||
| 245 | 0 | _aQalam goyed | |
| 260 |
_aLucknow _bUttar Pradesh Academy India _c2000 |
||
| 300 |
_a160p. _ccm. |
||
| 650 | _aURDU POETRY | ||
| 942 |
_hO168,1N521x, P0 _cTEXL _2CC |
||
| 999 |
_c413719 _d413719 |
||